| 000 | 00491nam a2200169Ia 4500 | ||
|---|---|---|---|
| 005 | 20250508161735.0 | ||
| 008 | 008 250505s9999 xx 000 0 eng d | ||
| 037 | _aTextual | ||
| 040 |
_aFEDL _beng _cFEDL |
||
| 041 |
_aeng _2eng |
||
| 084 |
_aB, BUR _qFEDL |
||
| 245 | 0 | _aSearch for man's sanity: The selected letters of Trigant Burrow | |
| 260 |
_aNew York, USA _bOxford University Press _c1958 |
||
| 300 | _axxi,615p. | ||
| 942 |
_cTEXL _hB, BUR |
||
| 999 |
_c1371821 _d1371821 |
||